00426nam a22001337a 450000500170000000800410001704100130005808200130007110000130008424500940009726000460019130000290023765000260026620240718100438.0240718b |||||||| |||| 00| 0 eng d aEnglish  a349 SOU  lEnglish  aSouth African Law Reports :bwith which are amalgamated The All South Africa Law Reports  aCape Town:bJuta and Company Ltd, c1969  bxi, 675 pages; c26 cm.  aLegal practice bLaw